000 01483nam a2200409 a 4500
001 UByD002476
003 AR-LpoUNG
005 20240301150936.0
008 240301s2015||||ag |||||||||||||||||spa d
020 _a9788415295877
040 _aAR-LpoUNG
_bspa
_eaacr
041 _aspa
044 _aag
082 0 _a410 864nos
100 1 _aLópez García, María
245 1 0 _aNosotros, vosotros, ellos :
_bla variedad rioplatense en los manuales escolares
260 _aBuenos Aires :
_bMiño y Dávila,
_c2015.
300 _a251 p. :
_btbls.
520 _aEl contenido de este libro es el resultado de un trabajo de investigación que recorre las discusiones sobre la lengua nacional desde 1837 hasta el presente, analiza las políticas implementadas para su enseñanza durante el siglo XX y rastrea las contiendas entre el estado argentino y las editoriales por el control de los materiales que se utilizan en las escuelas.
650 4 _aLENGUA
650 4 _aARGENTINA
650 4 _aLINGÜISTICA
650 4 _aANALISIS HISTORICO
650 4 _aANALISIS SOCIOLOGICO
650 4 _aCOMPORTAMIENTO LINGÜISTICO
650 4 _aINVESTIGACION LINGÜISTICA
650 4 _aLENGUA NACIONAL
650 4 _aASPECTOS SOCIALES
650 4 _aASPECTOS EDUCATIVOS
650 4 _aPOLITICA LINGÜISTICA
650 4 _aINTERVENCION DEL ESTADO
650 4 _aEDUCACION
650 4 _aENSEÑANZA PRIMARIA
700 1 _aMoure, José Luis
905 _a697
942 _cLIB
_2ddc
999 _c64999
_d64999